000 00749nas a2200253Ia 4500
001 R415/38235
003 IT-RoPAU
008 151124c99999999xx |||||||||||| ||und||
040 _aIT-RoPAU
040 _cIT-RoPAU
041 _aFRANCESE
100 _aBoucourechliev Andre'
_gCodice Aut. SPICS: 8917
210 _aMUSIQUE EN JEU
222 _aMusique En Jeu
245 _aMUSIQUE EN JEU (04) STRAVINSKIJ 1882-1971
_bStravinsky Ou L'Unite'
250 _a1a ed.
260 _aPARIS
_bSEUIL
_c1971
501 _bPaulus - SPICS - Società San Paolo EM (non-commercial uses only)
_cCopyright2015
300 _a6 p. [15-20]
362 _aVOL.04,
500 _aSacre-Du-Printemps
650 _aMUSICA
_vPUBBLICAZIONE PERIODICA
942 _cCR
999 _c182030
_d182030